000 00679nam a2200229Ia 4500
001 18262
003 GE_BSU
008 181216s||||||||xx |||||||||||||| ||und||
020 _a9780691152035
040 _cGE_BSU
080 _a327.1
100 _aTrachtenberg, Marc.
245 4 _aThe Cold War and after : history, theory, and the logic of international politics
260 _aPrinceton
260 _bPrinceton University Press
260 _c2012
300 _a317 p. ; 24 cm
541 _h84 Gel.
653 _aThe Cold War and after : history, theory, and the logic of international politics
653 _aმსოფლიო პოლიტიკა
942 _cBK
999 _c51293
_d51293